Scientific principles of sports training (Record no. 394068)

MARC details
000 -LEADER
fixed length control field 00495 a2200181 4500
005 - DATE & TIME
control field 20260204150959.0
008 - FIXED-LENGTH DATA ELEMENTS--GENERAL INFORMATION
fixed length control field 260204b |||||||| |||| 00| 0 eng d
020 ## - ISBN
International Standard Book Number 9789388269841
Price Rs. 1200.00
040 ## - CATALOGING SOURCE
Original cataloging agency VIVEKANANDA LIBRARY
082 ## - DDC NUMBER
Classification number 796.077
Book Number D262S
100 ## - MAIN ENTRY--PERSONAL NAME
Personal name Datakar, Vijay Bhojraj
245 ## - TITLE STATEMENT
Title Scientific principles of sports training
260 ## - PUBLICATION, DISTRIBUTION, ETC. (IMPRINT)
Name of publisher, distributor, etc Sports Publication
Date of publication, distribution, etc 2026
Place of publication, distribution, etc New Delhi
300 ## - PHYSICAL DESCRIPTION
Pages viii, 263
650 ## - Subject
Subject Physical Education
650 ## - Subject
Subject Sports Training
942 ## - ADDED ENTRY ELEMENTS (KOHA)
Koha item type Books
Holdings
Withdrawn status Lost status Source of classification or shelving scheme Damaged status Not for loan Location (home branch) Sublocation or collection (holding branch) Shelving location Date acquired Koha issues (times borrowed) Koha full call number Accession No. Koha date last seen Koha item type
    Dewey Decimal Classification     VIVEKANANDA LIBRARY VIVEKANANDA LIBRARY Vivekananda Library 05/01/2026   796.077 D262S 444216 05/01/2026 Books
© Designed and Maintained by Vivekananda Library, MDU Rohtak